00440nmm a2200169Ia 4500008004100000020001800041041000800059100002100067245000900088264004200097300001700139490001300156650002600169856005100195942000700246999001700253251105s9999||||xx |||||||||||||||||und|| a9788496428133 aspa aDarío, Rubén 0aAzul a[Madrid, España] :bLinkgua, c2011 a74 páginas aPoesía aLatin American poetry uhttps://public.digitaliapublishing.com/a/13494 cCF c89882d89882